Female Lives, Feminist Deaths - The Relationship of the Montreal Massacre to Dissociation, Incest, and Violence against Women

Gespeichert in:  
Bibliographische Detailangaben
1. VerfasserIn: Brickman, Julie (Verfasst von)
Medienart: Druck Aufsatz
Sprache:Englisch
Veröffentlicht: 1992
In: Canadian psychology
Jahr: 1992, Band: 33, Heft: 2, Seiten: 128-143
Verfügbarkeit prüfen: HBZ Gateway
Schlagwörter:

MARC

LEADER 00000caa a22000002c 4500
001 1640136053
003 DE-627
005 20220608131224.0
007 tu
008 160223s1992 xx ||||| 00| ||eng c
035 |a (DE-627)1640136053 
035 |a (DE-576)456059830 
035 |a (DE-599)BSZ456059830 
040 |a DE-627  |b ger  |c DE-627  |e rakwb 
041 |a eng 
100 1 |a Brickman, Julie  |4 aut 
245 1 0 |a Female Lives, Feminist Deaths - The Relationship of the Montreal Massacre to Dissociation, Incest, and Violence against Women  |c Julie Brickman 
264 1 |c 1992 
336 |a Text  |b txt  |2 rdacontent 
337 |a ohne Hilfsmittel zu benutzen  |b n  |2 rdamedia 
338 |a Band  |b nc  |2 rdacarrier 
773 0 8 |i In  |t Canadian psychology  |d Ottawa, 1980  |g 33(1992), 2, Seite 128-143  |w (DE-627)166569453  |w (DE-600)224975-3  |w (DE-576)015046834  |x 0708-5591  |7 nnas 
773 1 8 |g volume:33  |g year:1992  |g number:2  |g pages:128-143 
935 |a mkri 
951 |a AR 
ELC |b 1 
LOK |0 000 xxxxxcx a22 zn 4500 
LOK |0 001 3301493483 
LOK |0 003 DE-627 
LOK |0 004 1640136053 
LOK |0 005 20160223101209 
LOK |0 008 160208||||||||||||||||ger||||||| 
LOK |0 040   |a DE-21-110  |c DE-627  |d DE-21-110 
LOK |0 689   |a s  |a Gewalt 
LOK |0 689   |a s  |a Frauen 
LOK |0 689   |a s  |a Inzest 
LOK |0 852   |z Kein Bestand am IfK; Nachweis für KrimDok 
LOK |0 852   |a DE-21-110 
LOK |0 852 1  |m v  |9 00 
LOK |0 935   |a k110 
LOK |0 938   |k v 
LOK |0 939   |a 08-02-16  |b l01 
ORI |a SA-MARC-krimdoka001.raw